Loading...
| Fine Arts - Classical Music | 1 | 5 | 0 | 0 | 65 | 59 | 93.17 | 1 | 5 | 21.30 | 41.33 |
| Social Science | 0 | 3 | 1 | 0 | 25 | 81 | 111.00 | 0 | 2 | 4.79 | 13.33 |
| Science - Physics | 0 | 2 | 0 | 0 | 20 | 78 | 79.50 | 0 | 2 | 7.62 | 10.00 |
| Fine Arts - Other | 0 | 2 | 0 | 0 | 20 | 108 | 118.00 | 0 | 1 | 2.01 | 7.78 |
| Literature - Poetry | 0 | 1 | 0 | 0 | 10 | 172 | 172.00 | 0 | 0 | 0.06 | 1.67 |
| Other Academic | 0 | 1 | 0 | 0 | 10 | 86 | 86.00 | 0 | 0 | 3.72 | 5.00 |
| Science - Chemistry | 0 | 1 | 0 | 0 | 10 | 118 | 118.00 | 0 | 1 | 1.57 | 6.00 |
| Science - Biology | 0 | 1 | 0 | 0 | 10 | 68 | 68.00 | 1 | 1 | 5.14 | 10.00 |
| Literature - Drama | 0 | 1 | 0 | 0 | 10 | 129 | 129.00 | 0 | 0 | 2.23 | 4.17 |
| Geography | 0 | 0 | 0 | 0 | 0 | 0.00 | 0 | 0 | 0.00 | 0.00 | |
| Science - Other | 0 | 0 | 1 | 0 | -5 | 0.00 | 0 | 0 | 0.00 | 0.00 | |
| Fine Arts - Painting and Sculpture | 0 | 0 | 1 | 0 | -5 | 0.00 | 0 | 0 | 0.00 | 0.00 |